000 00979nam a2200265Ia 4500
003 BUBTL
008 151213s9999 xx 000 0 und d
020 _a9789354600807
041 _aeng
082 _a659.1/ B4106a/ 2022
100 _a Belch, George E.
_95509
245 _aAdvertising and promotion : an integrated marketing communications perspective /
_cGeorge E.Belch, Michael A. Belch, Keyoor Purani
250 _a12th ed.
260 _aNew York :
_bMcGraw Hill Education Private Limited,
_cc2022.
300 _axxxi, 712 p . :
_bills. ;
_c28 cm.
500 _aIncludes Index .
505 _aAdvertising and promotion, an integrated marketing communications perspective, George E.Belch, Michael A. Belch, Keyoor Purani marketing
526 _amarketing
650 _aMarketing
_92495
700 _aBelch, Michael A.
_9208
700 _aPurani, Keyoor
_92494
856 _k0
_l0
_yDownload
942 _2ddc
_cBK
999 _c7109
_d7109